PENGANGKUTAN IKAN HIDUP / (Record no. 123645)
[ view plain ]
| 000 -LEADER | |
|---|---|
| fixed length control field | 00832nam a2200277 i 4500 |
| 001 - CONTROL NUMBER | |
| control field | C2-0323589 |
| 003 - CONTROL NUMBER IDENTIFIER | |
| control field | PPAK |
| 005 - DATE AND TIME OF LATEST TRANSACTION | |
| control field | 20220227153045.0 |
| 008 - FIXED-LENGTH DATA ELEMENTS--GENERAL INFORMATION | |
| fixed length control field | 131104s2012 my ao e o 1 may d |
| 020 ## - INTERNATIONAL STANDARD BOOK NUMBER | |
| International Standard Book Number | 9789834610265 |
| Qualifying information | paperback |
| 040 ## - CATALOGING SOURCE | |
| Original cataloging agency | PPAK |
| Language of cataloging | eng |
| Transcribing agency | PPAK |
| Description conventions | rda |
| 082 04 - DEWEY DECIMAL CLASSIFICATION NUMBER | |
| Classification number | 639.3 |
| Edition number | 23 |
| 090 00 - LOCALLY ASSIGNED LC-TYPE CALL NUMBER (OCLC); LOCAL CALL NUMBER (RLIN) | |
| Classification number (OCLC) (R) ; Classification number, CALL (RLIN) (NR) | 639.3 |
| Feature heading | SAL |
| Feature heading | G |
| Classification number (OCLC) (R) ; Classification number, CALL (RLIN) (NR) | 639.3 |
| Feature heading | SAL |
| Feature heading | KAO |
| 100 0# - MAIN ENTRY--PERSONAL NAME | |
| Personal name | Sallehudin Ismail, |
| Relator term | author. |
| 245 10 - TITLE STATEMENT | |
| Title | PENGANGKUTAN IKAN HIDUP / |
| Statement of responsibility, etc. | Sallehudin Ismail |
| 264 #1 - PRODUCTION, PUBLICATION, DISTRIBUTION, MANUFACTURE, AND COPYRIGHT NOTICE | |
| Place of production, publication, distribution, manufacture | Kuala Lumpur : |
| Name of producer, publisher, distributor, manufacturer | Dewan Bahasa dan Pustaka, |
| Date of production, publication, distribution, manufacture, or copyright notice | 2012 |
| 300 ## - PHYSICAL DESCRIPTION | |
| Extent | ix, 72 pages : |
| Other physical details | colour photographs ; |
| Dimensions | 23 cm |
| 336 ## - CONTENT TYPE | |
| Source | rdacontent |
| Content type term | text |
| 337 ## - MEDIA TYPE | |
| Source | rdamedia |
| Media type term | unmediated |
| 338 ## - CARRIER TYPE | |
| Source | rdacarrier |
| Carrier type term | volume |
| 500 ## - GENERAL NOTE | |
| General note | Includes index |
| 504 ## - BIBLIOGRAPHY, ETC. NOTE | |
| Bibliography, etc. note | Includes bibliographical : 69-70 pages |
| 650 10 - SUBJECT ADDED ENTRY--TOPICAL TERM | |
| Topical term or geographic name entry element | Fishes |
| Form subdivision | Transportation. |
| 942 ## - ADDED ENTRY ELEMENTS (KOHA) | |
| Koha item type | Book |
| Source of classification or shelving scheme | Dewey Decimal Classification |
| Withdrawn | Not for loan | Current library | Shelving location | Date acquired | Full call number | Barcode | Date last seen | Koha item type | Total Checkouts | Date last checked out |
|---|---|---|---|---|---|---|---|---|---|---|
| Perpustakaan Alor Setar | Pinjaman Dewasa | 05/12/2013 | 639.3 SAL | A01418243 | 09/05/2018 | Book | ||||
| Perpustakaan Alor Setar | Pinjaman Dewasa | 05/12/2013 | 639.3 SAL | A01418244 | 09/03/2024 | Book | 1 | 19/02/2024 | ||
| Perpustakaan Awam Sungai Petani | Pinjaman Dewasa | 05/12/2013 | 639.3 SAL | A01418245 | 06/05/2023 | Book | 1 | 15/04/2023 | ||
| Perpustakaan Baling | Pinjaman Dewasa | 05/12/2013 | 639.3 SAL | A01418248 | 09/05/2018 | Book | ||||
| Perpustakaan Jitra | Pinjaman Dewasa | 05/12/2013 | 639.3 SAL | A01418246 | 09/05/2018 | Book | ||||
| Not For Loan | Perpustakaan Jitra | Koleksi Asmah Haji Omar | 13/04/2022 | KAO 639.3 SAL | KAO000624 | 13/04/2022 | Book | |||
| Perpustakaan Kulim | Pinjaman Dewasa | 05/12/2013 | 639.3 SAL | A01418247 | 09/05/2018 | Book | ||||
| Perpustakaan Merbok | Pinjaman Dewasa | 05/12/2013 | 639.3 SAL | A01418249 | 09/05/2018 | Book |